Welcome to CU Library Online Public Access Catalogue (OPAC)

The Biology of Child Health/ (Record no. 4177)

MARC details
000 -LEADER
fixed length control field 00497nam a22001577a 4500
005 - DATE AND TIME OF LATEST TRANSACTION
control field 20250223113827.0
008 - FIXED-LENGTH DATA ELEMENTS--GENERAL INFORMATION
fixed length control field 250223b |||||||| |||| 00| 0 eng d
020 ## - INTERNATIONAL STANDARD BOOK NUMBER
International Standard Book Number 9780333776360
050 ## - LIBRARY OF CONGRESS CALL NUMBER
Classification number RJ131 NEI
245 ## - TITLE STATEMENT
Title The Biology of Child Health/
Remainder of title a reader in development and assessment
Statement of responsibility, etc. edited by; Sarah Neill & Helen Knowles
260 ## - PUBLICATION, DISTRIBUTION, ETC.
Place of publication, distribution, etc. New York
Name of publisher, distributor, etc. Palgrave Macmillan
Date of publication, distribution, etc. 2004
300 ## - PHYSICAL DESCRIPTION
Extent xxiv. 324p.
Other physical details ill.
Dimensions 23.5cm
700 ## - ADDED ENTRY--PERSONAL NAME
Personal name Neill, Sarah
700 ## - ADDED ENTRY--PERSONAL NAME
Personal name Knowles, Helen
942 ## - ADDED ENTRY ELEMENTS (KOHA)
Source of classification or shelving scheme Library of Congress Classification
Koha item type Books
Suppress in OPAC No
999 ## -
-- 4177
-- 4177
Holdings
Withdrawn status Lost status Source of classification or shelving scheme Damaged status Not for loan Collection Home library Current library Shelving location Date acquired Total checkouts Full call number Barcode Date last seen Copy number Price effective from Koha item type
    Library of Congress Classification     Non-fiction Science Library (Miotso) Science Library (Miotso) General stacks 02/23/2025   RJ131 NEI SLM00003770 02/23/2025 1 02/23/2025 Books
    Library of Congress Classification     Non-fiction Science Library (Miotso) Science Library (Miotso) General stacks 02/23/2025   RJ131 NEI SLM00003771 02/23/2025 2 02/23/2025 Books
    Library of Congress Classification     Non-fiction Science Library (Miotso) Science Library (Miotso) General stacks 02/23/2025   RJ131 NEI SLM00003772 02/23/2025 3 02/23/2025 Books
    Library of Congress Classification     Non-fiction Science Library (Miotso) Science Library (Miotso) General stacks 02/23/2025   RJ131 NEI SLM00003773 02/23/2025 4 02/23/2025 Books
    Library of Congress Classification     Non-fiction Science Library (Miotso) Science Library (Miotso) General stacks 02/23/2025   RJ131 NEI SLM00003774 02/23/2025 5 02/23/2025 Books
© 2023-2024 Copyright: Central University Libraries. All Rights Reserved | Created by: Mahone Tech Office